00987 a2200193 45000010006000000050017000060080041000230030015000640400040000790800151001192450039002700200017003092500012003262640029003383000019003675050366003861000019007527000022007714627320260407155734.0260407a1976 arg spa dAR-UNSa-BCEJYS aAR-UNSa-BCEJYSbspacAR-UNSa-BCEJYS a001.8xMetodología. Estudio general del método. Procedimientos científicos y técnicos para el estudio, La investigación y la discusión10aMétodos de las ciencias sociales a84-344-17553 a9a. ed. 1aBarcelona :bArielc1976 a593 p.c20 cm. a1. Introducción : Las ciencias sociales - - Primera Parte : Las técnicas de observación : 1. La observación documental – 2. La observación directa extensiva – 3. La observación directa intensiva - - Segunda Parte : El análisis sistemático : 1. Los elementos del análisis sistemático – 2. Las técnicas matemáticas y gráficas. 1 aSureda, Alonso1 aDuverger, Maurice